[Event "ch-FRA w 2015"]
[Site "Saint-Quentin FRA"]
[Date "2015.08.20"]
[Round "11.6"]
[White "Aflalo, Sophie"]
[Black "Flear, Christine"]
[Result "1/2-1/2"]
[BlackTitle "WIM"]
[WhiteElo "2117"]
[BlackElo "2172"]
[WhiteFideId "656887"]
[BlackFideId "602604"]
[EventDate "2015.08.09"]

1. e4 c6 2. d4 d5 3. Nc3 dxe4 4. Nxe4 Bf5 5. Ng3 Bg6 6. Nf3 Nd7 7. h4 h6 8. h5
Bh7 9. Bd3 Bxd3 10. Qxd3 Qc7 11. Rh4 e6 12. Bf4 Bd6 13. Bxd6 Qxd6 14. O-O-O Ngf6
15. Ne2 O-O-O 16. Kb1 Rhe8 17. Nd2 Kb8 18. Nc4 Qc7 19. Nc3 e5 20. Qg3 exd4 21.
Rhxd4 Qxg3 22. fxg3 Re6 23. a4 Kc7 24. g4 Rf8 25. a5 Ne5 26. Nd6 Nexg4 27. a6 b5
28. Nce4 Kb6 29. b4 Ne3 30. R1d2 Nfd5 31. Kc1 f5 32. Rf2 fxe4 33. Rxf8 Rxd6 34.
Re8 Rf6 35. Rdxe4 Rf1+ 36. Kd2 Rd1+ 37. Ke2 Nc3+ 38. Kxe3 Nxe4 39. Rxe4 Re1+ 40.
Kf4 Rxe4+ 41. Kxe4 c5 42. bxc5+ Kxc5 43. Kf5 Kc4 44. Kg6 Kc3 45. Kxg7 Kxc2 46.
g4 b4 47. g5 hxg5 48. h6 b3 49. h7 b2 50. h8=Q b1=Q 51. Qc8+ Kd2 52. Qd7+ Qd3
53. Qxa7 Qc3+ 54. Kf7 Qc4+ 55. Ke7 Qe4+ 56. Kd8 Qf4 57. Qd7+ Ke2 58. a7 Qf3 59.
Qe6+ Kd1 60. Qd6+ Kc1 61. Qc5+ Kb2 62. Qb4+ Kc1 63. Qc5+ Kb1 64. Kc8 g4 65. Qb4+
Kc1 66. Kb8 Qg3+ 67. Kb7 Qf3+ 68. Kb6 g3 69. Qc5+ Kd1 70. Qc6 Qe3+ 71. Kb7 Qe7+
72. Qc7 Qe4+ 73. Qc6 Qe7+ 74. Kb6 Qb4+ 75. Kc7 Qa5+ 76. Qb6 Qc3+ 77. Kd7 Qg7+
78. Kc6 Qf6+ 79. Kc7 Qe7+ 80. Kc8 Qe4 81. Qb3+ Ke1 82. Qxg3+ Kf1 83. Qh3+ Kg1
84. Qg3+ Kf1 85. Qc7 Qe8+ 86. Kb7 Qb5+ 87. Qb6 Qd7+ 88. Kb8 Qe8+ 89. Kc7 Qe7+
90. Kc6 Qe6+ 91. Kc5 Qe3+ 92. Kb5 Qb3+ 93. Ka6 Qa4+ 94. Kb7 Qd7+ 95. Qc7 Qb5+
96. Kc8 Qe8+ 97. Qd8 Qc6+ 98. Kb8 Qb5+ 1/2-1/2